[Event "First Saturday 2012 may GM"]
[Site "Budapest"]
[Date "2012.05.12"]
[Round "8"]
[White "Arngrimsson, Damur"]
[Black "Flumbort, Andras"]
[Result "0-1"]
[WhiteElo "2381"]
[BlackElo "2503"]
[PlyCount "34"]
[EventDate "2012.05.05"]

1. d4 Nf6 2. c4 g6 3. Nc3 d5 4. Nf3 Bg7 5. Qb3 dxc4 6. Qxc4 O-O 7. e4 a6 8. e5
b5 9. Qc5 Nfd7 10. Qa3 c5 11. dxc5 Bb7 12. e6 Bxf3 13. gxf3 Nc6 14. Be3 Nde5
15. Be2 b4 16. Qa4 bxc3 17. Rd1 Qa5 0-1

[Event "First Saturday 2012 may GM"]
[Site "Budapest"]
[Date "2012.05.12"]
[Round "8"]
[White "Bagi, Mate"]
[Black "Varga, Zoltan"]
[Result "1/2-1/2"]
[WhiteElo "2335"]
[BlackElo "2451"]
[PlyCount "80"]
[EventDate "2012.05.05"]

1. e4 d5 2. exd5 Qxd5 3. Nc3 Qa5 4. d4 Nf6 5. Nf3 Bg4 6. h3 Bh5 7. g4 Bg6 8.
Ne5 e6 9. h4 Bb4 10. Bd2 Nbd7 11. Nxd7 Kxd7 12. h5 Be4 13. Nxe4 Nxe4 14. c3 Be7
15. Be3 h6 16. Bg2 Nd6 17. Qb3 c6 18. O-O-O b5 19. Kb1 Nc4 20. Bc1 Rad8 21. f4
Nb6 22. Qc2 Nd5 23. f5 Bf6 24. fxe6+ fxe6 25. Rhe1 Rde8 26. Qg6 Qd8 27. Re2 Re7
28. Rde1 Qg8 29. Qd3 Qb8 30. Rf1 Qd6 31. Bxd5 Qxd5 32. Bf4 a6 33. Be5 Bxe5 34.
Rxe5 Qg2 35. Qf3 Qxf3 36. Rxf3 Kd6 37. Kc2 Rc8 38. Kd3 Rcc7 39. Rfe3 Re8 40.
Rf3 Ree7 1/2-1/2

[Event "First Saturday 2012 may GM"]
[Site "Budapest"]
[Date "2012.05.12"]
[Round "8"]
[White "Simonian, Hrair"]
[Black "Estrada, Nieto"]
[Result "1/2-1/2"]
[WhiteElo "2475"]
[BlackElo "2309"]
[PlyCount "31"]
[EventDate "2012.05.05"]

1. e4 e5 2. Nf3 Nc6 3. Bb5 Nf6 4. O-O Nxe4 5. Re1 Nd6 6. Nxe5 Be7 7. Bf1 Nxe5
8. Rxe5 O-O 9. d4 Bf6 10. Re1 Re8 11. c3 Rxe1 12. Qxe1 Qe8 13. Be3 Nf5 14. Na3
Nxe3 15. Nc2 d5 16. Nxe3 1/2-1/2

[Event "First Saturday 2012 may GM"]
[Site "Budapest"]
[Date "2012.05.13"]
[Round "9"]
[White "Estrada, Nieto"]
[Black "Wittmann, Walter"]
[Result "1/2-1/2"]
[WhiteElo "2309"]
[BlackElo "2276"]
[PlyCount "41"]
[EventDate "2012.05.05"]

1. e4 e5 2. Nf3 Nc6 3. Bb5 a6 4. Ba4 b5 5. Bb3 Bc5 6. c3 d6 7. d4 exd4 8. cxd4
Bb6 9. h3 h6 10. O-O Nge7 11. Nc3 O-O 12. Re1 Na5 13. Bc2 c5 14. dxc5 dxc5 15.
Qe2 Be6 16. Bf4 Nac6 17. Rad1 Nd4 18. Nxd4 cxd4 19. e5 Qc7 20. Ne4 Ng6 21. Bh2
1/2-1/2

[Event "First Saturday 2012 may GM"]
[Site "Budapest"]
[Date "2012.05.13"]
[Round "9"]
[White "Flumbort, Andras"]
[Black "Bagi, Mate"]
[Result "1/2-1/2"]
[WhiteElo "2503"]
[BlackElo "2335"]
[PlyCount "61"]
[EventDate "2012.05.05"]

1. Nf3 Nf6 2. c4 g6 3. Nc3 d5 4. d4 Bg7 5. Qb3 dxc4 6. Qxc4 O-O 7. e4 a6 8. Qb3
b5 9. e5 Nfd7 10. Be2 c5 11. e6 cxd4 12. exf7+ Kh8 13. Ne4 Bb7 14. Nfg5 Bxe4
15. Nxe4 Ne5 16. Ng5 d3 17. Ne6 Qd6 18. Nxf8 dxe2 19. Ne6 Nbc6 20. f4 Nd3+ 21.
Kxe2 Nxc1+ 22. Raxc1 Qxe6+ 23. Qxe6 Nd4+ 24. Kf2 Nxe6 25. Rhe1 Bxb2 26. Rc2
Bd4+ 27. Kf3 Nf8 28. Rxe7 Kg7 29. Rcc7 Rd8 30. Re8 Bf6 31. Rxd8 1/2-1/2

[Event "First Saturday 2012 may GM"]
[Site "Budapest"]
[Date "2012.05.13"]
[Round "9"]
[White "Battey, Alexander"]
[Black "Arngrimsson, Damur"]
[Result "1/2-1/2"]
[WhiteElo "2403"]
[BlackElo "2381"]
[PlyCount "28"]
[EventDate "2012.05.05"]

1. d4 d5 2. c4 c6 3. Nc3 Nf6 4. Nf3 g6 5. cxd5 cxd5 6. Bf4 a6 7. h3 Bg7 8. e3
O-O 9. Bd3 Nc6 10. O-O b5 11. Rc1 Bb7 12. a4 b4 13. Ne2 Nd7 14. b3 Qb6 1/2-1/2

[Event "First Saturday 2012 may GM"]
[Site "Budapest"]
[Date "2012.05.13"]
[Round "9"]
[White "Czebe, Attila"]
[Black "Manca, Frederico"]
[Result "1/2-1/2"]
[WhiteElo "2475"]
[BlackElo "2424"]
[PlyCount "61"]
[EventDate "2012.05.05"]

1. Nf3 Nf6 2. g3 d5 3. Bg2 c5 4. O-O Nc6 5. d4 e6 6. c4 dxc4 7. Qa4 Bd7 8. Qxc4
cxd4 9. Nxd4 Rc8 10. Nc3 Nxd4 11. Qxd4 Bc5 12. Qh4 Bc6 13. Rd1 Qb6 14. Bxc6+
Qxc6 15. Bh6 O-O 16. Bxg7 Bxf2+ 17. Kxf2 Qc5+ 18. Kg2 Kxg7 19. e4 Qe5 20. Qf4
Rc5 21. Qxe5 Rxe5 22. Kf3 Rc8 23. Rd4 Rh5 24. h4 Kf8 25. Rad1 Rhc5 26. g4 h6
27. Rb4 b6 28. Nb5 a5 29. Rb3 Rc1 30. Rxc1 Rxc1 31. Nc3 1/2-1/2

[Event "First Saturday 2012 may GM"]
[Site "Budapest"]
[Date "2012.05.13"]
[Round "9"]
[White "Rodrigez, Lopez R"]
[Black "Horvath, David"]
[Result "0-1"]
[WhiteElo "2265"]
[BlackElo "2420"]
[PlyCount "92"]
[EventDate "2012.05.05"]

1. e4 e6 2. d4 d5 3. Nc3 Nf6 4. Bg5 dxe4 5. Nxe4 Be7 6. Bxf6 Bxf6 7. Nf3 Nd7 8.
Qd2 b6 9. Bb5 Bb7 10. Nxf6+ gxf6 11. O-O-O Qe7 12. Qe2 O-O-O 13. Ba6 Nb8 14.
Bxb7+ Kxb7 15. d5 Rd6 16. dxe6 Qxe6 17. Qxe6 fxe6 18. Nd4 Rg8 19. g3 Na6 20.
Rhe1 Re8 21. c3 Re7 22. Kc2 c6 23. a3 Nc7 24. c4 b5 25. b3 Kb6 26. Rd3 Na6 27.
Red1 bxc4 28. bxc4 Nc5 29. R3d2 Rg7 30. Rb1+ Kc7 31. Rbd1 Kb6 32. Rb1+ Kc7 33.
Rbd1 Rgd7 34. f3 Rd8 35. g4 R8d7 36. h4 Kb6 37. h5 Kc7 38. Kc3 Rd8 39. Kc2 R8d7
40. Kc3 Rd8 41. Kc2 R6d7 42. Kc3 Re8 43. Kb4 Kb6 44. Nb3 Rxd2 45. Rxd2 a5+ 46.
Kc3 Rb8 0-1

[Event "First Saturday 2012 may GM"]
[Site "Budapest"]
[Date "2012.05.14"]
[Round "10"]
[White "Wittmann, Walter"]
[Black "Horvath, David"]
[Result "1/2-1/2"]
[WhiteElo "2276"]
[BlackElo "2420"]
[PlyCount "89"]
[EventDate "2012.05.05"]

1. e4 d6 2. d4 g6 3. Nf3 Bg7 4. Bc4 Nf6 5. Qe2 c6 6. Bb3 e5 7. dxe5 dxe5 8. O-O
Qe7 9. Nbd2 O-O 10. c3 Nbd7 11. Bc2 Nh5 12. g3 Nb6 13. Kg2 Rd8 14. a4 Be6 15.
a5 Nd7 16. Nc4 b5 17. axb6 axb6 18. Rxa8 Rxa8 19. Ng5 Bh6 20. Nxe6 Bxc1 21.
Rxc1 Qxe6 22. Rd1 b5 23. Rxd7 Qxd7 24. Nb6 Qd8 25. Nxa8 Qxa8 26. Qd2 Qa2 27.
Bd1 Nf6 28. f3 Kg7 29. h4 h6 30. Be2 Qa7 31. Kf1 Qd7 32. Qxd7 Nxd7 33. b4 Kf6
34. Kf2 Ke6 35. Ke3 Kd6 36. c4 bxc4 37. Bxc4 f6 38. f4 Nb6 39. Bf7 g5 40. fxg5
fxg5 41. hxg5 hxg5 42. Kd3 Nd7 43. Bh5 c5 44. bxc5+ Kxc5 45. Bg4 1/2-1/2

[Event "First Saturday 2012 may GM"]
[Site "Budapest"]
[Date "2012.05.14"]
[Round "10"]
[White "Manca, Frederico"]
[Black "Rodrigez, Lopez R"]
[Result "1/2-1/2"]
[WhiteElo "2424"]
[BlackElo "2265"]
[PlyCount "61"]
[EventDate "2012.05.05"]

1. e4 c5 2. c3 d5 3. exd5 Qxd5 4. Nf3 g6 5. Na3 Bg7 6. Bc4 Qe4+ 7. Be2 Nf6 8.
O-O Nc6 9. d4 cxd4 10. Nxd4 Nxd4 11. cxd4 O-O 12. Bf3 Qf5 13. Re1 Nd5 14. Be4
Qd7 15. Nc4 Qd8 16. Bg5 Be6 17. Ne3 Nxe3 18. fxe3 f6 19. Bf4 Bd5 20. Bxd5+ Qxd5
21. e4 Qf7 22. d5 e5 23. Be3 f5 24. Rf1 Qd7 25. Qb3 Kh8 26. Rac1 fxe4 27. Rxf8+
Bxf8 28. Qc4 Bd6 29. Rf1 a6 30. Qxe4 Rg8 31. b3 1/2-1/2

[Event "First Saturday 2012 may GM"]
[Site "Budapest"]
[Date "2012.05.14"]
[Round "10"]
[White "Simonian, Hrair"]
[Black "Flumbort, Andras"]
[Result "1/2-1/2"]
[WhiteElo "2475"]
[BlackElo "2503"]
[PlyCount "52"]
[EventDate "2012.05.05"]

1. e4 c5 2. Nc3 e6 3. Nf3 Nc6 4. Bb5 Nge7 5. O-O a6 6. Bxc6 Nxc6 7. d4 cxd4 8.
Nxd4 Qc7 9. Re1 Bd6 10. Nxc6 dxc6 11. f4 e5 12. f5 b5 13. Be3 f6 14. Qf3 Bb7
15. Rad1 O-O 16. Qf2 Qe7 17. Rd3 Rfd8 18. Bb6 Bc7 19. Red1 Rxd3 20. Rxd3 Rd8
21. Bxc7 Rxd3 22. cxd3 Qxc7 23. Qa7 Qd7 24. b4 h6 25. Qe3 Qe7 26. a3 a5 1/2-1/2

[Event "First Saturday 2012 may GM"]
[Site "Budapest"]
[Date "2012.05.15"]
[Round "11"]
[White "Varga, Zoltan"]
[Black "Wittmann, Walter"]
[Result "1-0"]
[WhiteElo "2451"]
[BlackElo "2276"]
[PlyCount "67"]
[EventDate "2012.05.05"]

1. c4 c5 2. Nf3 Nc6 3. d4 cxd4 4. Nxd4 Nf6 5. Nc3 e6 6. Ndb5 d6 7. Bf4 e5 8.
Bg5 a6 9. Bxf6 gxf6 10. Na3 Rb8 11. e3 Be6 12. Qd2 f5 13. Be2 Rg8 14. g3 Qa5
15. Rd1 Rc8 16. O-O Be7 17. Nab1 e4 18. b3 Bf6 19. Nd5 Be5 20. Nbc3 Qd8 21. f4
exf3 22. Bxf3 Qg5 23. Nf4 Rc7 24. Ncd5 Rd7 25. Qg2 h5 26. Rf2 Kf8 27. Nb6 Rc7
28. c5 dxc5 29. Nxe6+ fxe6 30. Bxc6 bxc6 31. Nd7+ Rxd7 32. Rxd7 Bxg3 33. hxg3
h4 34. Qxc6 1-0

[Event "First Saturday 2012 may GM"]
[Site "Budapest"]
[Date "2012.05.15"]
[Round "11"]
[White "Czebe, Attila"]
[Black "Bagi, Mate"]
[Result "1/2-1/2"]
[WhiteElo "2475"]
[BlackElo "2335"]
[PlyCount "51"]
[EventDate "2012.05.05"]

1. g3 Nf6 2. Bg2 d5 3. Nf3 g6 4. d4 Bg7 5. c4 O-O 6. cxd5 Nxd5 7. O-O Nb6 8.
Nc3 Nc6 9. e3 Re8 10. Qe2 e5 11. Nxe5 Nxe5 12. dxe5 Bxe5 13. Rd1 Qe7 14. e4 c6
15. Be3 Be6 16. Bd4 Bxd4 17. Rxd4 Rad8 18. Rad1 Rxd4 19. Rxd4 Rd8 20. Qd2 Rxd4
21. Qxd4 Qd7 22. Qxd7 Nxd7 23. Bf1 Kf8 24. f4 f5 25. Kf2 Ke7 26. Ke3 1/2-1/2

[Event "First Saturday 2012 may GM"]
[Site "Budapest"]
[Date "2012.05.15"]
[Round "11"]
[White "Rodrigez, Lopez R"]
[Black "Arngrimsson, Damur"]
[Result "0-1"]
[WhiteElo "2265"]
[BlackElo "2381"]
[PlyCount "90"]
[EventDate "2012.05.05"]

1. e4 c6 2. d4 d5 3. Nc3 dxe4 4. Nxe4 Bf5 5. Ng3 Bg6 6. h4 h6 7. Nf3 Nd7 8. h5
Bh7 9. Bd3 Bxd3 10. Qxd3 e6 11. Bd2 Ngf6 12. O-O-O Be7 13. Qe2 O-O 14. Nf1 c5
15. g4 Nd5 16. c4 N5b6 17. dxc5 Na4 18. b3 Naxc5 19. Bc3 Bf6 20. Ne5 Qc7 21. f4
Nxe5 22. fxe5 Bg5+ 23. Kb1 b5 24. Nd2 Rfc8 25. Bb2 Bxd2 26. Rxd2 bxc4 27. Qxc4
Qb7 28. Rhd1 a5 29. Qf4 Rab8 30. Ka1 a4 31. bxa4 Nd3 32. Qh2 Nb4 33. Qf2 Qe4
34. Qg2 Qc4 35. Bd4 Nc2+ 36. Rxc2 Qxc2 37. Qxc2 Rxc2 38. a5 Rd8 39. a6 Rc4 40.
a7 Ra4 41. Rb1 Rdxd4 42. Rb8+ Kh7 43. a8=Q Rxa8 44. Rxa8 Rxg4 45. Ra7 Rg5 0-1